Southville International School and Colleges
Your cart is empty.
  • Cart
  • Lists
    Public lists Eva Luna New books Lux_list list_1
    Your lists Log in to create your own lists
  • Log in to your account
  • Your cookies
  • Search history
Southville International School and Colleges
  • Advanced search
  • Recent comments
  • Most popular
  • Libraries

Log in to your account

Log in with GOOGLE


If you do not have an external account, but do have a local account, you can still log in:

  1. Home
  2. MARC view: The Dead Sea scrolls and the Bible /
Normal view MARC view ISBD view

The Dead Sea scrolls and the Bible / (Record no. 15741)

[ view plain ]
MARC details
000 -LEADER
fixed length control field 01925cam a22003974a 4500
001 - CONTROL NUMBER
control field 16874103
003 - CONTROL NUMBER IDENTIFIER
control field OSt
005 - DATE AND TIME OF LATEST TRANSACTION
control field 20140310182751.0
008 - FIXED-LENGTH DATA ELEMENTS--GENERAL INFORMATION
fixed length control field 110715s2012 miu b 001 0 eng
010 ## - LIBRARY OF CONGRESS CONTROL NUMBER
LC control number 2011029919
020 ## - INTERNATIONAL STANDARD BOOK NUMBER
International Standard Book Number 9780802866790 (pbk. : alk. paper)
020 ## - INTERNATIONAL STANDARD BOOK NUMBER
International Standard Book Number 0802866794 (pbk. : alk. paper)
035 ## - SYSTEM CONTROL NUMBER
System control number (OCoLC)ocn742017611
040 ## - CATALOGING SOURCE
Original cataloging agency DLC
Language of cataloging eng
Transcribing agency DLC
Modifying agency YDX
-- BTCTA
-- EMT
-- YDXCP
-- BWX
-- DLC
042 ## - AUTHENTICATION CODE
Authentication code pcc
050 00 - LIBRARY OF CONGRESS CALL NUMBER
Classification number BM 487
Item number .V255 2012
082 00 - DEWEY DECIMAL CLASSIFICATION NUMBER
Classification number M 221.44
Item number V255 2012
100 1# - MAIN ENTRY--PERSONAL NAME
Personal name VanderKam, James C.
245 14 - TITLE STATEMENT
Title The Dead Sea scrolls and the Bible /
Statement of responsibility, etc VanderKam, James C.
260 ## - PUBLICATION, DISTRIBUTION, ETC. (IMPRINT)
Place of publication, distribution, etc Grand Rapids, Mich. :
Name of publisher, distributor, etc W.B. Eerdmans,
Date of publication, distribution, etc 2012.
300 ## - PHYSICAL DESCRIPTION
Extent xiv, 188 p. ;
Dimensions 23 cm.
500 ## - GENERAL NOTE
General note "Six of the seven chapters in The Dead Sea scrolls and the Bible began as the Speaker's Lectures at Oxford University, delivered during the first two weeks of May 2009"--Introd.
504 ## - BIBLIOGRAPHY, ETC. NOTE
Bibliography, etc Includes bibliographical references (p. 167-182) and index.
505 0# - FORMATTED CONTENTS NOTE
Formatted contents note The "Biblical" scrolls and their implications -- Commentary on older scripture in the scrolls -- Authoritative literature according to the scrolls -- New copies of old texts -- Groups and group controversies in the scrolls -- The Dead Sea scrolls and the New Testament Gospels -- The Dead Sea scrolls, the Acts of the Apostles, and the letters of Paul.
521 ## - TARGET AUDIENCE NOTE
Target audience note
526 ## - STUDY PROGRAM INFORMATION NOTE
Reading level 1210L-1700L
541 ## - IMMEDIATE SOURCE OF ACQUISITION NOTE
-- 1
562 ## - COPY AND VERSION IDENTIFICATION NOTE
Number of copies 1
630 00 - SUBJECT ADDED ENTRY--UNIFORM TITLE
Uniform title Dead Sea scrolls.
630 00 - SUBJECT ADDED ENTRY--UNIFORM TITLE
Uniform title Dead Sea scrolls
General subdivision Relation to the Old Testament.
630 00 - SUBJECT ADDED ENTRY--UNIFORM TITLE
Uniform title Dead Sea scrolls
General subdivision Relation to the New Testament.
650 #0 - SUBJECT ADDED ENTRY--TOPICAL TERM
Topical term or geographic name as entry element Judaism
General subdivision History
Chronological subdivision Post-exilic period, 586 B.C.-210 A.D.
906 ## - LOCAL DATA ELEMENT F, LDF (RLIN)
a 7
b cbc
c orignew
d 1
e ecip
f 20
g y-gencatlg
942 ## - ADDED ENTRY ELEMENTS (KOHA)
Source of classification or shelving scheme Library of Congress Classification
Koha item type Books
Call number prefix
Holdings
Withdrawn status Lost status Source of classification or shelving scheme Damaged status Home library Current library Shelving location Date acquired Total Checkouts Total Renewals Full call number Barcode Date last seen Date checked out Copy number Price effective from Koha item type
    Library of Congress Classification   College Library College Library Filipiniana Section 11/06/2012 1 2 BM 487 .V234 2012 C16021 11/21/2019 10/25/2019 1 11/14/2013 Books

The Dead Sea scrolls and the Bible /

APA

VanderKam J. C., . (2012). The Dead Sea scrolls and the Bible. Grand Rapids, Mich: W.B. Eerdmans.

Chicago

VanderKam James C, . 2012. The Dead Sea scrolls and the Bible. Grand Rapids, Mich: W.B. Eerdmans.

Harvard

VanderKam J. C., . (2012). The Dead Sea scrolls and the Bible. Grand Rapids, Mich: W.B. Eerdmans.

MLA

VanderKam James C, . The Dead Sea scrolls and the Bible. Grand Rapids, Mich: W.B. Eerdmans. 2012.

  • Place hold
  • Print
  • Cite
  • Add to your cart (remove)
  • Save record
    BIBTEX Dublin Core MARCXML MARC (non-Unicode/MARC-8) MARC (Unicode/UTF-8) MARC (Unicode/UTF-8, Standard) MODS (XML) RIS
  • More searches
    Search for this title in:
    Other Libraries (WorldCat) Other Databases (Google Scholar) Online Stores (Bookfinder.com) Open Library (openlibrary.org)

Exporting to Dublin Core...

SOUTHVILLE LIBRARY

Southville International School and Colleges Library

1281 Tropical Ave. Cor. Luxembourg St., BF Homes International, Las Pinas City

Tel. No. 8256374 / 252358 Loc. 117/146

Powered by Koha